| Tag |
First Indicator |
Second Indicator |
Subfields |
| LEADER |
00000cam a2200000Mi 4500 |
| 001 |
in00004530360 |
| 005 |
20191205081712.0 |
| 008 |
710101s1985 gw 000 0 ger d |
| 015 |
|
|
|a 870249711
|2 dnb
|
| 015 |
|
|
|a 87H021296
|2 dnb
|
| 016 |
7 |
|
|a 870249711
|2 de-101
|
| 019 |
|
|
|a 246773014
|
| 024 |
8 |
|
|a SBBT80048
|
| 029 |
1 |
|
|a CHVBK
|b 186218540
|
| 029 |
1 |
|
|a GBVCP
|b 023422645
|
| 029 |
1 |
|
|a GBVCP
|b 273602357
|
| 035 |
|
|
|a (OCoLC)ocm46173542
|
| 035 |
|
|
|a (OCoLC)46173542
|z (OCoLC)246773014
|
| 035 |
|
|
|z (UtOrBLW)62380
|
| 035 |
|
|
|a 89634
|
| 040 |
|
|
|a ZXW
|b ger
|c ZXW
|d GBVCP
|d CHVBK
|d UtOrBLW
|
| 049 |
|
|
|a TMVM
|
| 084 |
|
|
|a 34
|2 sdnb
|
| 100 |
1 |
|
|a Krommer, Gottfried.
|
| 245 |
1 |
0 |
|a Stickstoff-Bilanzstudien zum Protein- und Aminosäurenbedarf erwachsener Krallenaffen der Spezies Callithrix jacchus /
|c Gottfried Krommer.
|
| 264 |
|
1 |
|a [Place of publication not identified] :
|b [publisher not identified],
|c 1985.
|
| 300 |
|
|
|a 119 S :
|b graph. Darst.
|
| 336 |
|
|
|a text
|2 rdacontent
|b txt
|
| 337 |
|
|
|a unmediated
|2 rdamedia
|
| 338 |
|
|
|a volume
|2 rdacarrier
|b nc
|
| 650 |
|
4 |
|a Weibüscheläffchen.
|
| 650 |
|
4 |
|a Proteinbedarf.
|
| 650 |
|
4 |
|a Callithrix
|x Stickstoffbilanzstudien z. Protein- u. Aminosäurenbedarf.
|
| 994 |
|
|
|a C0
|b TMV
|
| 999 |
|
|
|a MARS
|
| 999 |
f |
f |
|s ca76a6d7-2b8f-3b6f-91b4-c2c753355c15
|i b99b3712-a488-3a8b-82af-bec2a1acdaba
|t 0
|
| 952 |
f |
f |
|p preservation
|a Texas A&M University
|b J.J. Pickle Campus
|c High Density Repository
|d Remote Storage
|t 0
|e German dissertations
|h Other scheme
|i unmediated -- volume
|m 3238902451969
|
| 998 |
f |
f |
|a German dissertations
|t 0
|l Remote Storage
|